000 00488nam a2200181Ia 4500
001 17041
005 20260306170355.0
008 260306t2022||||xx |||||||||||||| ||und||
041 _aESP
082 _a657.42
_bV19C
100 _aValdiviezo Rosado, José
_eAUT
245 0 _aCosto de ventas de producción y de servicios:
_baplicación práctica, DJ anual 2021
260 _c2022
300 _a126 páginas :
_c24 cm.
650 _aGEN
654 _aCCO
942 _cLIB
_dJUS
_fJUS
_2ddc
_n
999 _c17041
_d17041